书目信息 |
| 题名: |
档案史料编纂学概要
|
|
| 作者: | 曹喜琛 , 丁永奎 编 | |
| 分册: | ||
| 出版信息: | 北京 档案出版社 1982 |
|
| 页数: | 148页 | |
| 开本: | 19cm | |
| 丛书名: | ||
| 单 册: | ||
| 中图分类: | G272 | |
| 科图分类: | ||
| 主题词: | 编辑学-档案 , 档案-编辑学 | |
| 电子资源: | ||
| ISBN: | ||
| 000 | 00674nam0 2200253 45 | |
| 001 | 0182003156 | |
| 005 | 20060810111012.67 | |
| 010 | @dCNY0.60 | |
| 091 | @aCN@b7286.001 | |
| 100 | @a19950612d1982 em y0chiy0121 ea | |
| 101 | 0 | @achi |
| 102 | @aCN@b110000 | |
| 105 | @ay z 000yy | |
| 200 | 10 | @a档案史料编纂学概要@Adang an shi liao bian zuan xue gai yao@f丁永奎,曹喜琛编 |
| 210 | @a北京@c档案出版社@d1982 | |
| 215 | @a148页@d19cm | |
| 606 | @a编辑学-档案 | |
| 606 | @a档案-编辑学 | |
| 690 | @aG272@v3 | |
| 701 | 0 | @a曹喜琛@Acao xi chen@4编 |
| 701 | 0 | @a丁永奎@Ading yong kui@4编 |
| 801 | 2 | @aCN@bNLC@c20060810 |
| 801 | 0 | @aCN@bTSSF |
| 905 | @a10447@dG272@e47 | |
| 档案史料编纂学概要/丁永奎,曹喜琛编.-北京:档案出版社,1982 |
| 148页;19cm |
| ISBN :CNY0.60 |
| ● |
| 相关链接 |
|
|
|
|
正题名:档案史料编纂学概要
索取号:G272/47
 
预约/预借
| 序号 | 登录号 | 条形码 | 馆藏地/架位号 | 状态 | 备注 |
| 1 | 0448411 | 204484110 | 密集书库/ [索取号:G272/47] | 在馆 |